ՀՀ Գիտությունների ազգային ակադեմիայի հիմնարար գիտական գրադարան  =   Fundamental Scientific Library of NAS RA

Статистика производительности труда на промышленном предприятии : (Record no. 340106)

MARC details
000 -LEADER
fixed length control field 01058nam a2200205 a 4500
001 - CONTROL NUMBER
control field 001038642
003 - CONTROL NUMBER IDENTIFIER
control field AM-YeHGA
005 - DATE AND TIME OF LATEST TRANSACTION
control field 20250617150850.0
008 - FIXED-LENGTH DATA ELEMENTS--GENERAL INFORMATION
fixed length control field 140929s1975 ||| r 000 0 rus d
040 ## - CATALOGING SOURCE
Original cataloging agency AM-YeHGA
041 0# - LANGUAGE CODE
Language code of text/sound track or separate title rus
090 ## - LOCALLY ASSIGNED LC-TYPE CALL NUMBER (OCLC); LOCAL CALL NUMBER (RLIN)
-- 341890
100 1# - MAIN ENTRY--PERSONAL NAME
Personal name Адамов, Владимир Евгеньевич
245 10 - TITLE STATEMENT
Title Статистика производительности труда на промышленном предприятии :
Remainder of title Учебное пособие /
Statement of responsibility, etc. В.Е. Адамов; Моск. инж.-экон. ин-т им. Серго Орджоникидзе. Кафедра статистики.
260 ## - PUBLICATION, DISTRIBUTION, ETC.
Place of publication, distribution, etc. Москва :
Name of publisher, distributor, etc. Б. и.,
Date of publication, distribution, etc. 1975.
300 ## - PHYSICAL DESCRIPTION
Extent 42 с.
653 0# - INDEX TERM--UNCONTROLLED
Uncontrolled term Статистика производительности труда
653 0# - INDEX TERM--UNCONTROLLED
Uncontrolled term Производительность труда в промышленности - Статистические методы изучения
710 2# - ADDED ENTRY--CORPORATE NAME
Corporate name or jurisdiction name as entry element Московский экономический институт им. С. Орджоникидзе
Holdings
Withdrawn status Lost status Source of classification or shelving scheme Damaged status Not for loan Collection Home library Current library Date acquired Total checkouts Full call number Barcode Date last seen Price effective from Koha item type Public note
    Universal Decimal Classification     General Fundamental Scientific Library Fundamental Scientific Library 09/01/2017   PII/354000 FL0307608 09/01/2017 09/01/2017 Գրքեր / Books 30 Days Loan


ՀՀ ԳԱԱ հիմնարար գիտական գրադարան
ՀՀ,Երևան 0019
Մարշալ Բաղրամյան 24/6
հեռախոս:(374-10) 52-47-50
Հետադարձ կապ

All site content, except where otherwise noted, is licensed under a
Creative Commons License